Knowledge diffusion from multinational enterprises <the> role of domestic and foreign knowledge-enhancing activities

Salvato in:
Dettagli Bibliografici
Autore principale: Todo, Yasuyuki
Altri autori: Miyamoto, Koji
Natura: Libro
Lingua:inglese
Pubblicazione: Paris OECD 2002
Serie:Technical papers No. 196
Soggetti:
Tags: Aggiungi Tag
Nessun Tag, puoi essere il primo ad aggiungerne!!

MARC

LEADER 00000nam a2200000 4500
001 c142204
005 20221124094613.9
041 0 |a eng 
044 |a FR 
245 1 0 |a Knowledge diffusion from multinational enterprises  |b <the> role of domestic and foreign knowledge-enhancing activities  |c Yasuyuki Todo and Koji Miyamoto 
264 1 |a Paris  |b OECD  |c 2002 
300 |a 36 s. 
490 1 |a Technical papers  |v No. 196 
830 0 |a Technical papers  |v No. 196 
610 2 0 |a podnik multinacionálny 
610 2 0 |a firmy 
610 2 0 |a ukazovatele štatistické 
610 2 0 |a testy 
610 2 0 |a regióny 
610 2 0 |a výroba 
610 2 0 |a priemysel 
610 2 0 |a svet 
610 2 0 |a Indonézia 
610 2 0 |a OECD 
100 1 |a Todo, Yasuyuki 
700 1 |a Miyamoto, Koji